Tứ đại mỹ nhân - Điêu Thuyền Tiểu thuyết lịch sử

Viết về Điêu Thuyền, mỹ nhân thời Tam Quốc - một trong tứ đại mỹ nhân của Trung Quốc. Xuất thân trong gia đình nghèo khổ nhưng được làm con nuôi của Tư Đồ Vương Doãn và biến thành công cụ cho mưu lược chiến tranh. Dùng nhan sắc đắm nguyệt...

Πλήρης περιγραφή

Αποθηκεύτηκε σε:
Λεπτομέρειες βιβλιογραφικής εγγραφής
Κύριος συγγραφέας: Chu, Tường
Άλλοι συγγραφείς: Ông, Văn Tùng
Μορφή: Βιβλίο
Γλώσσα:Undetermined
Έκδοση: H. Văn học 2010
Θέματα:
Διαθέσιμο Online:http://lrc.tdmu.edu.vn/opac/search/detail.asp?aID=2&ID=14934
Ετικέτες: Προσθήκη ετικέτας
Δεν υπάρχουν, Καταχωρήστε ετικέτα πρώτοι!
Thư viện lưu trữ: Trung tâm Học liệu Trường Đại học Thủ Dầu Một
LEADER 01404nam a2200229Ia 4500
001 TDMU_14934
008 210410s9999 xx 000 0 und d
082 |a 895.13 
090 |b CH500 
100 |a Chu, Tường 
245 0 |a Tứ đại mỹ nhân - Điêu Thuyền 
245 0 |b Tiểu thuyết lịch sử 
245 0 |c Chu Tường; Ông Văn Tùng (d.) 
260 |a H. 
260 |b Văn học 
260 |c 2010 
300 |a 667tr. 
520 |a Viết về Điêu Thuyền, mỹ nhân thời Tam Quốc - một trong tứ đại mỹ nhân của Trung Quốc. Xuất thân trong gia đình nghèo khổ nhưng được làm con nuôi của Tư Đồ Vương Doãn và biến thành công cụ cho mưu lược chiến tranh. Dùng nhan sắc đắm nguyệt say hoa đánh bại 2 anh hùng bậc nhất thời Tam Quốc Đổng Trác và Lữ Bố, và cuối cùng phải tự vẫn. 
650 |a Nhân vật lịch sử  |z Trung Quốc  |x Điêu Thuyền; Tiểu thuyết Trung Quốc; Văn học Trung Quốc  |x Tiểu thuyết lịch sử; Điêu Thuyền  |x Truyện kể 
700 |a Ông, Văn Tùng 
856 |u http://lrc.tdmu.edu.vn/opac/search/detail.asp?aID=2&ID=14934 
980 |a Trung tâm Học liệu Trường Đại học Thủ Dầu Một